Nhà nước và pháp luật = State and law review Số 10

Trong số này nội dung gồm các chủ đề về lý luận nhà nước và pháp luật, luật hiến pháp, luật hành chính, luật tố tụng hình sự, luật kinh tế, luật an sinh xã hội, luật quốc tế.

Saved in:
Bibliographic Details
Format: Book
Language:Vietnamese
Published: H. Viện Hàn lâm Khoa học xã hội Việt Nam. Viện Nhà nước và pháp luật 2018
Subjects:
Tags: Add Tag
No Tags, Be the first to tag this record!
Institutions: Thư viện Trường Đại học Nam Cần Thơ
LEADER 01170nam a22002057a 4500
001 NCT_97343
008 220307b xxu||||| |||| 00| 0 vie d
999 |c 4849  |d 4849 
022 |a 0866-7446 
082 0 4 |2 23rd ed.  |a 321  |b Nh100N 
245 0 0 |a Nhà nước và pháp luật =   |b State and law review  |n Số 10  |c Viện Hàn lâm Khoa học xã hội Việt Nam. Viện Nhà nước và pháp luật 
260 |a H.  |b Viện Hàn lâm Khoa học xã hội Việt Nam. Viện Nhà nước và pháp luật  |c 2018 
300 |c 27cm 
310 |a Tháng 1 kỳ 
520 3 |a Trong số này nội dung gồm các chủ đề về lý luận nhà nước và pháp luật, luật hiến pháp, luật hành chính, luật tố tụng hình sự, luật kinh tế, luật an sinh xã hội, luật quốc tế. 
653 |a Luật học 
655 |a Tạp chí 
942 |2 ddc  |c CR 
952 |0 0  |1 0  |2 ddc  |4 0  |6 321_000000000000000_NH100N  |7 0  |9 22269  |a 000001  |b 000001  |d 2022-03-09  |o 321 Nh100N  |r 2022-03-09  |w 2022-03-09  |y CR 
980 |a Thư viện Trường Đại học Nam Cần Thơ